000 00694nam a2200157 a 4500
001 000032843
005 20200930065851.0
008 110727s1907 dr 000 0 spa d
040 _aDO-SdBNP
_bspa
_cBNPHU
082 _axxxx
_bL681
100 1 _aLeyba, Felipe E.
_958636
245 1 0 _aA quién pertenece la provisión de fondos, cuando el librador cae el quiebra antes del vencimiento de la letra de cambio?. /
_cFelipe E. Leyba.
260 _aSanto Domingo. :
_bInstituto profesional de Santo Domingo,
_c1907.
300 _a32 p. ;
_c22 cm.
500 _aOriginalmente presentado como tesis para optar por la licenciatura en la facultad de derecho civil del Instituto profesional de Santo Domingo
999 _c32334
_d32334